000 00258nam a22001217a 4500
008 181101b xxu||||| |||| 00| 0 eng d
041 _aeng
080 _a370
100 _a48
101 _aedu
245 _aEssys On Education
_cherbert.S
942 _2udc
_cBK
999 _c51489
_d51489